Online
Catalog

La ideología alemana / (Record no. 34299)

MARC details
000 -CABECERA
campo de control de longitud fija 00959nam a2200277 a 4500
001 - NÚMERO DE CONTROL
campo de control 000034808
005 - FECHA Y HORA DE LA ÚLTIMA TRANSACCIÓN
campo de control 20260327132519.0
008 - DATOS DE LONGITUD FIJA--INFORMACIÓN GENERAL
campo de control de longitud fija 111020s1974 mx 000 0 spa d
040 ## - FUENTE DE LA CATALOGACIÓN
Centro catalogador/agencia de origen DO-SdBNP
Lengua de catalogación spa
Centro/agencia transcriptor BNPHU
082 ## - NÚMERO DE LA CLASIFICACIÓN DECIMAL DEWEY
Número de clasificación 193
Número de documento/Ítem M392i, 1979
100 1# - ENTRADA PRINCIPAL--NOMBRE DE PERSONA
Nombre de persona Marx, Carlos,
Fechas asociadas al nombre 1818-1883
9 (RLIN) 5975
245 13 - MENCIÓN DE TÍTULO
Título La ideología alemana /
Mención de responsabilidad, etc. Carlos Marx, Federico Engels.
260 ## - PUBLICACIÓN, DISTRIBUCIÓN, ETC.
Lugar de publicación, distribución, etc. México :
Nombre del editor, distribuidor, etc. Ediciones de cultura popular,
Fecha de publicación, distribución, etc. 1974.
300 ## - DESCRIPCIÓN FÍSICA
Extensión 664 p. ;
Dimensiones 20 cm.
490 1# - MENCIÓN DE SERIE
Mención de serie Biblioteca marxista
500 ## - NOTA GENERAL
Nota general Incluye referencias bibliográficas y notas al pie de las páginas.
650 #4 - PUNTO DE ACCESO ADICIONAL DE MATERIA--TÉRMINO DE MATERIA
Término de materia o nombre geográfico como elemento de entrada Feuerbach, ludwing andreas,
Fechas vigentes 1804-1872
9 (RLIN) 60320
650 #4 - PUNTO DE ACCESO ADICIONAL DE MATERIA--TÉRMINO DE MATERIA
Término de materia o nombre geográfico como elemento de entrada Filosofía alemana
9 (RLIN) 60305
650 #4 - PUNTO DE ACCESO ADICIONAL DE MATERIA--TÉRMINO DE MATERIA
Término de materia o nombre geográfico como elemento de entrada Materialismo dialéctico
9 (RLIN) 845
650 #0 - PUNTO DE ACCESO ADICIONAL DE MATERIA--TÉRMINO DE MATERIA
Término de materia o nombre geográfico como elemento de entrada Idealismo
9 (RLIN) 60321
650 #0 - PUNTO DE ACCESO ADICIONAL DE MATERIA--TÉRMINO DE MATERIA
Término de materia o nombre geográfico como elemento de entrada Socialismo
9 (RLIN) 287
650 #4 - PUNTO DE ACCESO ADICIONAL DE MATERIA--TÉRMINO DE MATERIA
Término de materia o nombre geográfico como elemento de entrada Comunismo
9 (RLIN) 2880
700 #2 - PUNTO DE ACCESO ADICIONAL--NOMBRE DE PERSONA
Nombre de persona Engels, Federico,
Fechas asociadas al nombre 1820-1895
9 (RLIN) 60043
830 #0 - PUNTO DE ACCESO ADICIONAL DE SERIE-TÍTULO UNIFORME
Título uniforme Biblioteca marxista
9 (RLIN) 60322
910 ## - DATOS DE OPCIÓN DEL USUARIO (OCLC)
Datos de opción del usuario Validado. Control de calidad MMOLINA
Holdings
Estado de retiro Estado de pérdida Restricciones de uso No para préstamo Código de colección Localización permanente Ubicación/localización actual Ubicación en estantería Fecha de adquisición Número de inventario Total de préstamos Signatura topográfica completa Código de barras Fecha visto por última vez Precio válido a partir de Tipo de ítem Koha Nota pública
        Monografías: Libros y Folletos General General Depósito 20.10.2011 LF1   193 M392i 34808-10 25.06.2020 25.06.2020 Préstamo en sala Perteneció a la biblioteca personal de Juan Isidro Jimenes Grullón.

Powered by Koha